Krizový management podniku pro 21. století
Na minha lista:
| Autor principal: | |
|---|---|
| Formato: | Livro |
| Idioma: | tcheco |
| Publicado em: |
Praha
Ekopress
2012
|
| Assuntos: | |
| Tags: |
Sem tags, seja o primeiro a adicionar uma tag!
|
MARC
| LEADER | 00000nam a2200000 4500 | ||
|---|---|---|---|
| 001 | 0162411 | ||
| 005 | 20230109114620.7 | ||
| 020 | |a 978-80-86929-85-9 | ||
| 041 | 0 | |a cze | |
| 044 | |a CZ | ||
| 245 | 1 | 0 | |a Krizový management podniku pro 21. století |c Šárka Zapletalová a kolektiv |
| 264 | 1 | |a Praha |b Ekopress |c 2012 | |
| 300 | |a 166 s. | ||
| 610 | 2 | 0 | |a podnik |
| 610 | 2 | 0 | |a kríza podniku |
| 610 | 2 | 0 | |a vývoj |
| 610 | 2 | 0 | |a manažment krízový |
| 610 | 2 | 0 | |a diagnostika podniková |
| 610 | 2 | 0 | |a plánovanie |
| 610 | 2 | 0 | |a komunikácia |
| 610 | 2 | 0 | |a správa verejná |
| 610 | 2 | 0 | |a Česko |
| 100 | 1 | |a Zapletalová, Šárka | |